000 00527nam a2200181 a 4500
005 20240316063822.0
008 991125s1984 mx 000 0 spa u
035 _aUPN01000004251
049 _aCG
050 4 _aBF503
_bA68
245 0 0 _aApuntes de motivación y emoción.
260 _aMéxico :
_bUNAM, Facultad de Psicología,
_c1984.
300 _a314 p.
500 _a"Programa de publicaciones de material didáctico / 1984"
650 7 _aMotivación (Psicología)
_2
_95909
650 4 _aEmociones
_939
905 _aLibro
999 _c4251
_d4251